000 00225 a2200109 4500
020 _a9788449401503
041 _aspa
100 _aAnonimo
245 _aOrtografia sintaxis, incorreciones dudas
942 _cBK
952 _71
999 _c22413
_d22413